Twitter Vocabularies Quiz Stats

 Plays Quiz not verified by Sporcle

Support Sporcle.
Go Orange.
Score 0/64 Timer 12:00
0 Plays Today
Vocabulary Profile % Correct
fastball, bludgeoned, bambino, drubbing, webcastCharlie Sheen (@charliesheen)
50%
gurl, popsicles, vids, snuggles, recessionalKaty Perry (@katyperry)
40%
fugate, tomorrows, schenectady, yesterdays, sputnikBarack Obama (@BarackObama)
30%
paparazzi, haha, mistreat, rapper, oscarsJustin Bieber (@justinbieber)
30%
yay, niceness, slurping, sparkly, chainsawstaylorswift13 (@taylorswift13)
30%
fluther, playoffs, viewable, peeps, haitiansTwitter (@twitter)
20%
technophobe, arsing, huzzah, botty, mistypeStephen Fry (@stephenfry)
20%
congrats, dumbest, pecker, bitching, pissesJustin (@shitmydadsays)
20%
glammed, listers, thankyou, sunbed, apologisesKatie Price/Jordan (@MissKatiePrice)
20%
dicking, pooed, gaga, marling, cockerelPopjustice (@Popjustice)
20%
katzenjammer, tintinnabulation, graupel, bezique, ophiuchusDictionary (@dictionarycom)
10%
rayne, oks, engulfs, wildfires, chihuahuaCNN Breaking News (@cnnbrk)
10%
bedazzled, thankyou, boner, hobos, crazieske$ha (@keshasuxx)
10%
steelers, umps, knicks, peavy, grizzliesESPN (@espn)
10%
pooping, frowny, sheesh, brr, hobnobbingSockamillion (@sockington)
10%
cougar, geeky, greenwashing, skipjack, overfishingGreenpeace (@Greenpeace)
10%
tarps, pileup, tornadoes, wreaking, heartbreakAmerican Red Cross (@RedCross)
10%
triumf, antimatter, webcast, muon, neutrinoCERN (@CERN)
10%
peeve, wut, kazoo, exes, masseuseKanye West (@kanyewest)
10%
unsexual, congrats, homophobe, tracksuits, disgustsBrian Mcfadden (@BrianMcFadden)
10%
remixer, yay, crappy, dudes, hatersWillow Smith (@OfficialWillow)
10%
frabjous, tatted, hurrahs, spork, congratsEtsy! (@Etsy)
10%
bongBig Ben (@big_ben_clock)
10%
fashionista, gonk, gorgeousness, snogs, candyflossGok Wan (@therealgokwan)
10%
dribbly, thingies, posties, stotinki, interestingnessThe QI Elves (@qikipedia)
10%
trackpad, revamps, hotpot, onrushing, outfoxTechCrunch (@TechCrunch)
10%
undocking, launchpad, lightyear, spaceflight, wakeupNASA (@NASA)
10%
touchable, spikey, batterie, quiff, celebJEDWARD (@planetjedward)
10%
****, cheeseburger, morgans, hiphop, dudesTracy Morgan (@RealTracyMorgan)
10%
tonite, flubs, congrats, wacko, grahamsSarah Palin (@SarahPalinUSA)
10%
lefty, misinformed, nope, brownie, alaiPenn Jillette (@pennjillette)
10%
paranormality, precognitive, ouija, svengali, spookyRichard Wiseman (@RichardWiseman)
10%
Vocabulary Profile % Correct
bronzer, butthole, poppin, lovee, smurfNicole Polizzi (@Sn00ki)
10%
blowfish, indeedy, trashes, ghostbusters, tiarascakewrecks (@cakewrecks)
10%
unclog, millipede, meerkat, helipad, muskratAleksandr Orlov (@Aleksandr_Orlov)
10%
sniff, acorn, blink, stare, scratchcommon squirrel (@common_squirrel)
10%
dogfighting, spiderwebs, reenactments, electrocution, airfareTIME.com (@TIME)
10%
caramba, badass, angeline, fajitas, scrumptiousWomen's Health Mag (@WomensHealthMag)
0%
webcast, rato, condolences, laureates, friendlierDalai Lama (@dalailama)
0%
wangs, mehndi, aquascutum, promos, kedsELLE Magazine (@ELLEmagazine)
0%
rigatoni, chippy, vindaloo, shorty, luvJamie Oliver (@jamie_oliver)
0%
ratos, querida, abrazo, maana, regaloJUANES (@juanes)
0%
liveryman, haberdashers, beaconsfield, carmarthenshire, gurkhaTheBritishMonarchy (@BritishMonarchy)
0%
unrepented, beastlike, complimenting, megaphone, overextendedC. S. Lewis (@CSLewisDaily)
0%
leatherette, guipure, weekender, whiley, jumpsuitStella McCartney (@StellaMcCartney)
0%
overhyped, ketchups, lifesavers, infomercial, glutesMen's Health Mag (@MensHealthMag)
0%
velodrome, equalised, cockerel, dagenham, coppersBoris Johnson (@MayorOfLondon)
0%
legroom, guacamole, resubmit, waivers, onboardJetBlue Airways (@JetBlue)
0%
fruitcakes, whoppers, subaquatic, ziploc, orcsOwl City (@owlcity)
0%
quesadilla, awesomeness, goosebumps, birdies, aphrodisiacsAlyssa Milano (@Alyssa_Milano)
0%
twats, chortle, hipper, liniment, rambunctiousJohn Cleese (@JohnCleese)
0%
cadette, eyeshadow, hotcakes, valentines, valkyrieFragDolls (@FragDolls)
0%
tonite, escalade, congrats, psyched, playoffsTHE_REAL_SHAQ (@THE_REAL_SHAQ)
0%
tonite, gurl, prepping, farted, snugglesPeaches Geldof (@peaches_g)
0%
tonite, poppin, lovee, reeboks, givin50cent (@50cent)
0%
brrr, poos, befuddled, meus, tablewareQueen's English 50c (@English50cent)
0%
collab, grein, pitchfork, langur, voltaicbjörk (@bjork)
0%
smore, scrapple, burrito, meatball, whopperThisIsWhyYou'reFat (@tiwyf)
0%
cudden, thort, gorra, herl, leadinCheryl Kerl (@CherylKerl)
0%
goog, enquirer, hyped, serenity, passionatelyKai-Fu Lee (@kaifulee)
0%
punchline, weirdo, haha, safeway, lungesCalvin Harris (@calvinharris)
0%
wut, birdy, meow, dunt, gagaICanHasCheezburger? (@ICHCheezburger)
0%
dreidel, barleycorns, batmen, hyphenate, cephalopodFake AP Stylebook (@FakeAPStylebook)
0%
bitchin, gnarly, geezers, katakana, krasnoyarskjonathan ross (@wossy)
0%

You're not logged in!

Compare scores with friends on all Sporcle quizzes.
OR
Log In

From the Vault

The 3rd Thing You Need To Know: The 1970s

by MrWhiplash

You can just skip the first two things entirely.
Remove Ads.
Support Sporcle.
Get the best of Sporcle when you Go Orange. This ad-free experience offers more features, more stats, and more fun while also helping to support Sporcle. Thank you for becoming a member.

Show Comments

Extras

Top Quizzes Today


Score Distribution

Your Account Isn't Verified!

In order to create a playlist on Sporcle, you need to verify the email address you used during registration. Go to your Sporcle Settings to finish the process.

Report this User

Report this user for behavior that violates our Community Guidelines.

Details: